Brahmcharya Gandhi and his women associates :/ (Record no. 140607)

MARC details
000 -LEADER
fixed length control field 00583nam a22001937a 4500
005 - DATE AND TIME OF LATEST TRANSACTION
control field 20170531121148.0
010 ## - LCCN (DPL NO)
LC control number ENG-118478
020 ## - INTERNATIONAL STANDARD BOOK NUMBER
International Standard Book Number 9788189766600
Terms of availability 295.00
035 ## - SYSTEM CONTROL NUMBER
System control number EN-102010
037 ## - SOURCE OF ACQUISITION
Source of stock number/acquisition DBAD/PUB
082 ## - DEWEY DECIMAL CLASSIFICATION NUMBER
Classification number 301.153
100 ## - MAIN ENTRY--PERSONAL NAME
Personal name Girja Kumar
245 ## - TITLE STATEMENT
Title Brahmcharya Gandhi and his women associates :/
Statement of responsibility, etc by Girja Kumar
260 ## - PUBLICATION, DISTRIBUTION, ETC. (IMPRINT)
Place of publication, distribution, etc New Delhi
Name of publisher, distributor, etc Vitasta Publishing
Date of publication, distribution, etc 2015
270 ## - ADDRESS
Address 2/15 Ansari Road,Daryaganj
City New Delhi
Postal code 110002
300 ## - PHYSICAL DESCRIPTION
Extent viii,411p. :
Dimensions 23cm(pbk)
Other physical details ill.
500 ## - GENERAL NOTE
General note Includes index
942 ## - ADDED ENTRY ELEMENTS (KOHA)
Source of classification or shelving scheme Dewey Decimal Classification
Item type English Books
Call number suffix GIR
Classification part 301.153
Holdings
Withdrawn status Lost status Not for loan Collection code Home library Current library Date acquired Source of acquisition Cost, normal purchase price Full call number Barcode Copy number Cost, replacement price Koha item type
    Not For Loan Non-fiction D.B.Act.Division Bawana 31/05/2017 DBAD/PUB 295.00 301.153 GIR EN-102010 1 295.00 English Books

© Delhi Public Library
Hit Counter
free hit counter